000 00250nam a2200109Ia 4500
008 190912s9999||||xx |||||||||||||| ||und||
100 _aSengupta S.
245 0 _aCommercial Laws
260 _aCulcutta
_bNew central
_c1994
300 _a171
942 _cBK
999 _c7163
_d7163